000 00339 a2200157 4500
001 180214
020 _a
040 _cMagnum
100 _aGaldino, Luiz
240 1 0 _aAs trapalhadas do saparinho
_lpor
245 1 0 _aAs trapalhadas do saparinho
362 0 _a1899
440 1 _aModerna
697 _aMAGNITO: I/ANIMAIS
942 _cBK
999 _c180214
_d180214